| 000 | 01187cab a2200217 4500 | ||
|---|---|---|---|
| 001 | ##L134073 | ||
| 008 | 060706n2006 000 0 eng u | ||
| 035 | _a(Sirsi) u134073 | ||
| 041 | 0 | _aeng | |
| 110 | 1 |
_aUnited Kingdom _bDepartment for Culture Media and Sport |
|
| 245 | 0 | 0 | _aGround-breaking agreement on Olympic construction |
| 260 | _c2006 | ||
| 490 | 0 |
_aDCMS Press Notice _v(093/06), 4 July 2006 |
|
| 520 | _aThe Strategic Forum for Construction's 2012 taskforce, in conjunction with the government, have produced "2012 construction commitments", designed to promote collaborative working and ensure successful delivery of the infrastructure, buildings and legacy for the 2012 London Olympics. Areas covered in the document include client leadership, procurement and integration, design, sustainability, commitment to people, and health and safety. | ||
| 590 | _aIKA180706 | ||
| 650 | 2 | 4 | _aOLYMPIC GAMES 2012 |
| 651 | 4 | _aLONDON | |
| 690 | _aBUILT ENVIRONMENT-CONSTRUCTION MANAGEMENT-CONSTRUCTION PLANNING | ||
| 856 | 4 | 1 |
_uhttps://www.strategicforum.org.uk/2012CC.shtml _zView the "2012 construction commitments" free of charge at www.strategicforum.org.uk... |
| 942 | _n0 | ||
| 999 |
_c77355 _d77355 |
||